000 00217nam a22000857a 4500
008 170216b xxu||||| |||| 00| 0 eng d
100 _92895
_aSharma.S.C
245 _aFinancial Statments XII-B
260 _aNew Delhi
_bAP
_c2012
999 _c6124
_d6124